000 00751nas a2200241 4500
001 BR9805012
003 BR-BrBNA
005 20231205101136.0
007 ta
008 230509b bl.|||p| |||| 00| 00por d
040 _aBR-BrBNA
_bpor
_cBiblioteca Nacional de Agricultura
041 _a(Es)
072 _aL52
100 1 _aSousa, L.G.
100 1 _aPetriella, A.M.
100 1 _aDiaz, A.C.
245 1 _aModificaciones del tegumento de Palaemonetes argentinus (Crustacea, Decapoda, Caridea)durante el ciclo de muda
650 _aCrustaceo
650 _aCiclo de Vida
773 0 _tIheringia. Serie Zoologia (Brazil)
_xISSN 0073-4721
_g(Oct 1997), (83) p. 3-12
_wBR9805012
909 _a202311
_bLúcia
_c55
_dLúcia Elande
942 _2AGRIS
_n0
_cANA
999 _c160006
_d160006